| 000 | 00489nam a2200181 a 4500 | ||
|---|---|---|---|
| 001 | 58126 | ||
| 005 | 20180714054618.0 | ||
| 008 | 140415s1952 mx 000 0 spa d | ||
| 041 | _aspa | ||
| 082 |
_a296 _bJOU |
||
| 100 | 1 | _aJOUIN, M. E. | |
| 245 | 1 | 4 | _aLOS PROTOCOLOS DE LOS SABIOS DE SION |
| 260 |
_aMEXICO : _bLATINO AMERICANA, _c1952 |
||
| 300 |
_a296 _c15 x 2 x 20.1 |
||
| 490 | _aCOL. ARCHIVO MOTOLINIA | ||
| 650 | 1 | 4 | _aJUDIOS |
| 700 | 1 |
_aDUQUE DE VICTORIA _etr. |
|
| 999 |
_c58126 _d58126 |
||